000 00239nam a2200097Ia 4500
008 231107s1994 xx 000 0 und d
041 _aeng
100 _aCalloway S.
245 _aElements of Style
260 _bOctopus Publishing Group
_c1994
999 _c923522
_d923522